000
00293nam a2200133Ia 4500
005
20251222155122.0
008
251222s9999||||xx |||||||||||||| ||spa||
082
_a
AFIS 05
100
_a
J.CAMPOS REY DE C.
245
0
_a
HistologĂa
250
_a
1ra. ed.
264
_b
UNMSM
942
_c
LIB
999
_c
38473
_d
38473